000
00271nam a2200109Ia 4500
008
230907s9999||||xx |||||||||||||| ||und||
082
_a
621.31
_b
RED
245
0
_a
Electrical power systems /
260
_a
Venus Books,
_b
New Delhi :
_c
2016
300
_a
284 p.
942
_c
BK
999
_c
600051
_d
600051